000 00495nam a2200181Ia 4500
008 230711s9999||||xx |||||||||||||| ||und||
020 _a978-81-8371-461-7
041 _aENG
082 _a629.8
_bRE-I
100 _aNarayan Reddy,Katta
245 0 _aInstrumentation and Control Systems
250 _a1st Ed.
260 _c2013
_aHyderabad
_bScitech Publications (India)Pvt.Ltd
300 _a348p.
650 _aElectronics Engineering
700 _aPalakodeti Sri Rama Krishndu
942 _cBK
999 _c6625
_d6625